Statistics for Biggest Trading Partners - Colombia

Click here to take the quiz!

General Stats

  • This quiz has been taken 9,468 times
    (9,363 since last reset)
  • The average score is 19 of 22

Answer Stats

Exports Imports Country % Correct
10.1 bil11.9 bilUnited States
100%
0.995 bil2.12 bilBrazil
99%
0.937 bil3.41 bilMexico
97%
1.21 bil8.68 bilChina
97%
0.482 bilUnited Kingdom
96%
0.829 bilFrance
95%
0.767 bilCanada
95%
0.476 bil1.71 bilGermany
93%
0.614 bilVenezuela
93%
1.16 bil0.918 bilSpain
93%
0.670 bil0.721 bilChile
92%
1.05 bil0.682 bilPeru
92%
1.12 bilJapan
91%
0.439 bil0.762 bilItaly
87%
1.91 bilPanama
84%
1.20 bil0.805 bilEcuador
84%
0.946 bilIndia
83%
0.534 bilBolivia
82%
0.889 bilSouth Korea
72%
1.54 bilNetherlands
61%
0.761 bilTurkey
55%
0.451 bilBelgium
54%

Score Distribution

Percentile by Number Answered

Percent of People with Each Score

Your Score History

You have not taken this quiz since the last reset